| 000 | 004820000a22001930004500 | ||
|---|---|---|---|
| 003 | LK-CoMWRAF | ||
| 008 | 230817t ||||| |||| 00| 0 eng d | ||
| 020 | _a9555800820 | ||
| 040 |
_aLK-CoMWRAF _dLK-CoMWRAF _eLK-CoMWRAF |
||
| 041 | _aeng | ||
| 082 |
_a380 _bPIN |
||
| 100 | _a Kodikara, Chulani | ||
| 100 | _aJayawardhana,Kishali Pintro | ||
| 245 |
_aIlankaiyil Pennkalum Aadchimuraiyum _b |
||
| 260 |
_aColombo _bICES _c2003 |
||
| 300 | _ap.157 | ||
| 650 | _aTamil | ||
| 942 | _cBK | ||
| 999 |
_c590 _d590 |
||